Modelirovanije složnych sistem po eksperimental'nym dannym

Na minha lista:
Detalhes bibliográficos
Formato: Livro
Idioma:russo
Publicado em: Moskva Radio i svjaz' 1987
Edição:1. izd.
Colecção:Kibernetika
Tags: Adicionar Tag
Sem tags, seja o primeiro a adicionar uma tag!

MARC

LEADER 00000nam a2200000 4500
001 c025839
005 20260202084142.8
041 0 |a rus 
044 |a RU 
245 1 0 |a Modelirovanije složnych sistem po eksperimental'nym dannym  |c Aleksej Grigor'jevič Ivachnenko, Jurij Pavlovič Juračkovskij 
250 |a 1. izd. 
264 1 |a Moskva  |b Radio i svjaz'  |c 1987 
300 |a 117 s. 
490 1 |a Kibernetika 
830 0 |a Kibernetika